Návrh opatrení na zlepšenie šancí a rovnosť príležitostí žien a mužov v priemyselnom podniku PCA Slovakia, s.r.o. (2021/2022)
Na minha lista:
| Autor principal: | |
|---|---|
| Outros Autores: | |
| Formato: | Manuscrito Livro |
| Idioma: | eslovaco |
| Publicado em: |
2022
|
| Assuntos: | |
| Acesso em linha: | http://is.stuba.sk/zp/portal_zp.pl?podrobnosti=170066 |
| Tags: |
Sem tags, seja o primeiro a adicionar uma tag!
|
MARC
| LEADER | 00000ntm a22000003a 4500 | ||
|---|---|---|---|
| 001 | stuzp90062 | ||
| 003 | SK-STU | ||
| 005 | 20220702212101.7 | ||
| 007 | ta | ||
| 008 | 150427s2015----xo-----f-mn---000-0-slo-d | ||
| 040 | |a STU |b slo | ||
| 041 | 0 | |a slo | |
| 100 | 1 | |a Brucháč, Peter |u 064000 |4 aut |U MTF Materiálovotechnologická fakulta |T MTF Ústav priemyselného inžinierstva a manažmentu |X 106346 |U M4000 |Y 84 |7 106346 | |
| 242 | 0 | 1 | |a Proposal of measures to improve the opportunities and equal opportunities for women and men in industrial enterprise PCA Slovakia, s.r.o. (2021/2022) |y eng |
| 245 | 1 | 0 | |a Návrh opatrení na zlepšenie šancí a rovnosť príležitostí žien a mužov v priemyselnom podniku PCA Slovakia, s.r.o. (2021/2022) |
| 260 | |c 2022 | ||
| 650 | 4 | |a Rod |2 slo | |
| 650 | 4 | |a Rodová rovnosť |2 slo | |
| 650 | 4 | |a Rodové príležitosti |2 slo | |
| 650 | 4 | |a Pohlavie |2 slo | |
| 650 | 4 | |a Trh práce |2 slo | |
| 650 | 4 | |a Gender |2 eng | |
| 650 | 4 | |a Gender equality |2 eng | |
| 650 | 4 | |a Gender opportunities |2 eng | |
| 650 | 4 | |a Sex |2 eng | |
| 650 | 4 | |a Labor market |2 eng | |
| 700 | 1 | |a Sabolová, Veronika |u 064000 |k Z3 |4 ths |U MTF Materiálovotechnologická fakulta |T MTF Ústav priemyselného inžinierstva a manažmentu |U M4000 |Y 84 | |
| 856 | 4 | |u http://is.stuba.sk/zp/portal_zp.pl?podrobnosti=170066 | |
| 996 | |c M* BP-9290 |l MMSKP |s P |a 0 |w stuzp90062_0001 | ||